[Event "Chigorin Memorial 2008"]
[Site "St. Petersburg RUS"]
[Date "2008.10.08"]
[Round "6.8"]
[White "Shimanov, Aleksandr"]
[Black "Zontakh, Andrey"]
[Result "0-1"]
[WhiteElo "2476"]
[BlackElo "2579"]
[PlyCount "102"]
[EventDate "2008.10.03"]
[EventType "swiss"]
[EventRounds "9"]
[EventCountry "RUS"]
[Source "lmi"]
[SourceDate "2008.10.03"]

1. d4 Nf6 2. c4 e6 3. Nc3 Bb4 4. e3 O-O 5. Nge2 d5 6. a3 Be7 7. cxd5 exd5 8. b4
c6 9. Ng3 Re8 10. Bd3 Nbd7 11. O-O Nb6 12. f3 a5 13. Rb1 axb4 14. axb4 Be6 15.
Nce2 Ra4 16. Bd2 Qd7 17. Nf4 Rea8 18. Bc3 Nc4 19. Re1 Ra3 20. Qc1 Bd6 21. Nxe6
Qxe6 22. Nf5 Bf8 23. e4 b5 24. Ng3 dxe4 25. fxe4 g6 26. Rf1 Bg7 27. Ra1 Rxa1
28. Bxa1 Ng4 29. Ne2 Qd6 30. g3 Nge3 31. Rf3 Qxb4 32. Bc3 Qa3 33. Qb1 Qa2 34.
Qe1 Qa7 35. Qc1 Qa3 36. Qb1 Qa2 37. Qe1 Bh6 38. h3 Qa7 39. Kh2 Qd7 40. Qb1 Bg7
41. Qc1 Bh6 42. Qb1 Rd8 43. Nf4 Bg7 44. Ne2 c5 45. Bxc4 Nxc4 46. dxc5 Bxc3 47.
Rxc3 Qd2 48. Qc2 Qe1 49. Rd3 Qf2+ 50. Kh1 Ra8 51. Nd4 Ra1+ 0-1

[Event "Chigorin Memorial 2008"]
[Site "St. Petersburg RUS"]
[Date "2008.10.08"]
[Round "6.9"]
[White "Yakovich, Yuri"]
[Black "Rozum, Ivan"]
[Result "1/2-1/2"]
[WhiteElo "2567"]
[BlackElo "2439"]
[PlyCount "89"]
[EventDate "2008.10.03"]
[EventType "swiss"]
[EventRounds "9"]
[EventCountry "RUS"]
[Source "lmi"]
[SourceDate "2008.10.03"]

1. d4 Nf6 2. c4 g6 3. Nc3 Bg7 4. e4 d6 5. Be2 O-O 6. Bg5 Na6 7. Nf3 h6 8. Be3
e5 9. O-O Qe7 10. d5 Ng4 11. Bd2 f5 12. exf5 gxf5 13. g3 e4 14. Nh4 Ne5 15. Bf4
Qf6 16. Nb5 Bd7 17. Rc1 Rf7 18. a3 Bf8 19. b4 c5 20. Qb3 b6 21. f3 exf3 22.
Bxf3 Nxf3+ 23. Rxf3 Bxb5 24. cxb5 Nc7 25. bxc5 bxc5 26. Rcf1 Qd4+ 27. Be3 Qxd5
28. Qb1 Re8 29. Rxf5 Rxf5 30. Nxf5 Re6 31. b6 axb6 32. Qxb6 Re5 33. Qb1 Qe6 34.
Bd2 Nd5 35. Qd3 c4 36. Qxc4 Re4 37. Qd3 h5 38. Qf3 Nf4 39. Bxf4 Qxf5 40. Qb3+
Qe6 41. Qb8 Re1 42. Qb4 Rxf1+ 43. Kxf1 d5 44. Qb5 Bxa3 45. Qb8+ 1/2-1/2

[Event "Chigorin Memorial 2008"]
[Site "St. Petersburg RUS"]
[Date "2008.10.08"]
[Round "6.11"]
[White "Eliseev, Alexei"]
[Black "Ionov, Sergey"]
[Result "1/2-1/2"]
[WhiteElo "2395"]
[BlackElo "2543"]
[PlyCount "25"]
[EventDate "2008.10.03"]
[EventType "swiss"]
[EventRounds "9"]
[EventCountry "RUS"]
[Source "lmi"]
[SourceDate "2008.10.03"]

1. d4 Nf6 2. c4 e6 3. Nc3 Bb4 4. e3 O-O 5. Nge2 d5 6. a3 Be7 7. Ng3 c5 8. dxc5
dxc4 9. Qxd8 Rxd8 10. Bxc4 Bxc5 11. Nge4 Nxe4 12. Nxe4 Be7 13. Bd2 1/2-1/2

[Event "Chigorin Memorial 2008"]
[Site "St. Petersburg RUS"]
[Date "2008.10.08"]
[Round "6.12"]
[White "Popov, Valerij"]
[Black "Kirusha, Andrey"]
[Result "1-0"]
[WhiteElo "2542"]
[BlackElo "2373"]
[PlyCount "81"]
[EventDate "2008.10.03"]
[EventType "swiss"]
[EventRounds "9"]
[EventCountry "RUS"]
[Source "lmi"]
[SourceDate "2008.10.03"]

1. Nf3 Nf6 2. c4 c5 3. Nc3 Nc6 4. g3 g6 5. d4 cxd4 6. Nxd4 Nxd4 7. Qxd4 d6 8.
Bg2 Bg7 9. O-O O-O 10. Qd3 Bf5 11. e4 Be6 12. b3 Rc8 13. Bd2 Nd7 14. Rac1 Ne5
15. Qe3 a6 16. h3 Nc6 17. Nd5 b5 18. cxb5 axb5 19. Qd3 Bxd5 20. exd5 Nd4 21.
Be3 Nf5 22. Bg5 h6 23. g4 hxg5 24. gxf5 Rxc1 25. Rxc1 Qd7 26. fxg6 f5 27. Qe2
g4 28. Rc6 Be5 29. Qc2 g3 30. Bf3 Qa7 31. Kg2 Ra8 32. fxg3 Qxa2 33. h4 Qxc2+
34. Rxc2 Ra3 35. Bd1 Kg7 36. Rf2 f4 37. gxf4 Bf6 38. h5 Ra1 39. Rf1 Rc1 40. Kf3
Rc3+ 41. Ke4 1-0

[Event "Chigorin Memorial 2008"]
[Site "St. Petersburg RUS"]
[Date "2008.10.08"]
[Round "6.13"]
[White "Matlakov, Maxim"]
[Black "Goganov, Aleksey"]
[Result "1-0"]
[WhiteElo "2490"]
[BlackElo "2356"]
[PlyCount "79"]
[EventDate "2008.10.03"]
[EventType "swiss"]
[EventRounds "9"]
[EventCountry "RUS"]
[Source "lmi"]
[SourceDate "2008.10.03"]

1. d4 d5 2. c4 c6 3. Nc3 Nf6 4. Nf3 e6 5. Bg5 h6 6. Bh4 dxc4 7. e4 g5 8. Bg3 b5
9. e5 Nh5 10. a4 Bb4 11. Be2 Nxg3 12. hxg3 Bb7 13. Kf1 a6 14. Ne4 Ke7 15. Qc1
g4 16. Nh2 Qxd4 17. Qf4 Nd7 18. Rd1 Qxb2 19. Nxg4 c3 20. Rxh6 Rxh6 21. Qg5+ Ke8
22. Nxh6 Bf8 23. Bh5 Bg7 24. Qxg7 Kd8 25. Qxf7 Bc8 26. Qf8+ Kc7 27. Qd6+ Kb7
28. Bf3 c2 29. Nc5+ Kb6 30. Qxc6+ Ka5 31. Qc7+ Nb6 32. Re1 c1=Q 33. Nb3+ Qxb3
34. Rxc1 Bb7 35. Bxb7 Rh8 36. axb5 Rxh6 37. Ra1+ Kb4 38. Qd6+ Kc4 39. Rc1+ Kxb5
40. Qc5+ 1-0

[Event "Chigorin Memorial 2008"]
[Site "St. Petersburg RUS"]
[Date "2008.10.08"]
[Round "6.17"]
[White "Sivokho, Sergey"]
[Black "Domogaev, Segrey"]
[Result "1/2-1/2"]
[WhiteElo "2486"]
[BlackElo "2354"]
[PlyCount "62"]
[EventDate "2008.10.03"]
[EventType "swiss"]
[EventRounds "9"]
[EventCountry "RUS"]
[Source "lmi"]
[SourceDate "2008.10.03"]

1. e4 e5 2. Nf3 Nc6 3. Bc4 Bc5 4. O-O Nf6 5. d3 O-O 6. c3 d6 7. Bb3 a6 8. Nbd2
Ba7 9. Nc4 h6 10. Re1 Ng4 11. Re2 b5 12. Ncd2 Nf6 13. Nf1 Bg4 14. Re1 Be6 15.
Ng3 d5 16. exd5 Nxd5 17. h3 Re8 18. Bd2 Qf6 19. Ne4 Qe7 20. a4 Bb6 21. Qc2 Rad8
22. axb5 axb5 23. Ba2 Qd7 24. Ng3 Nf4 25. Bxe6 Rxe6 26. d4 Ng6 27. Be3 exd4 28.
Nxd4 Nxd4 29. Bxd4 Bxd4 30. cxd4 Rc6 31. Qe4 Re6 1/2-1/2

[Event "Chigorin Memorial 2008"]
[Site "St. Petersburg RUS"]
[Date "2008.10.08"]
[Round "6.18"]
[White "Malakhov, Igor"]
[Black "Loskutov, Oleg"]
[Result "1-0"]
[WhiteElo "2346"]
[BlackElo "2482"]
[PlyCount "52"]
[EventDate "2008.10.03"]
[EventType "swiss"]
[EventRounds "9"]
[EventCountry "RUS"]
[Source "lmi"]
[SourceDate "2008.10.03"]

1. e4 c5 2. Nf3 d6 3. d4 cxd4 4. Nxd4 Nf6 5. Nc3 a6 6. f4 e5 7. Nf3 Nbd7 8. a4
Be7 9. Bc4 O-O 10. O-O exf4 11. Bxf4 Qb6+ 12. Qd4 Qxd4+ 13. Nxd4 Ne5 14. Bb3 g6
15. Rad1 Bg4 16. Rd2 Rac8 17. h3 Bd7 18. Bh6 Rxc3 19. Bxf8 Kxf8 20. bxc3 Nxe4
21. Rd3 Nxd3 22. cxd3 Nf6 23. Nc2 h5 24. Ne3 Bc6 25. Nc4 Bd7 26. Nxd6 Bc6 1-0

[Event "Chigorin Memorial 2008"]
[Site "St. Petersburg RUS"]
[Date "2008.10.08"]
[Round "6.21"]
[White "Gubajdullin, Aleksei"]
[Black "Frolochkin, Vladimir"]
[Result "1/2-1/2"]
[WhiteElo "2462"]
[BlackElo "2323"]
[PlyCount "109"]
[EventDate "2008.10.03"]
[EventType "swiss"]
[EventRounds "9"]
[EventCountry "RUS"]
[Source "lmi"]
[SourceDate "2008.10.03"]

1. Nf3 c5 2. e4 a6 3. c3 d5 4. exd5 Qxd5 5. d4 e6 6. Be3 cxd4 7. cxd4 Nf6 8.
Nc3 Qa5 9. Bc4 Be7 10. O-O Nc6 11. d5 exd5 12. Nxd5 Nxd5 13. Qxd5 Qxd5 14. Bxd5
Nb4 15. Bb3 O-O 16. Ne5 Bf5 17. Rac1 Nd3 18. Nxd3 Bxd3 19. Rfd1 Be4 20. Rc7 Bd8
21. Rcd7 Bc6 22. Bxf7+ Rxf7 23. Rxd8+ Rxd8 24. Rxd8+ Rf8 25. Rd2 Re8 26. Rd3
Re5 27. f3 Ra5 28. a3 Rb5 29. Rd2 Rd5 30. Rc2 h6 31. h4 Kh7 32. Kf2 Rd1 33. Rc4
Rd7 34. Rg4 Re7 35. Bd4 Bd7 36. Rf4 Kg8 37. h5 Be8 38. Rf5 Bc6 39. Rc5 Rd7 40.
Rc4 Rd5 41. g4 Kh7 42. Bc3 Rd7 43. Kg3 Kg8 44. Rc5 Rd5 45. Rc4 Rd3 46. Rf4 Rd7
47. g5 hxg5 48. Rg4 Rd5 49. Re4 Rd3 50. Re7 Rxf3+ 51. Kg4 Rf7 52. Re5 Kh7 53.
Rxg5 Bb5 54. Kg3 Bc6 55. Kg4 1/2-1/2

[Event "Chigorin Memorial 2008"]
[Site "St. Petersburg RUS"]
[Date "2008.10.08"]
[Round "6.22"]
[White "Kurilov, Viktor"]
[Black "Smirnov, Artem"]
[Result "1-0"]
[WhiteElo "2312"]
[BlackElo "2460"]
[PlyCount "77"]
[EventDate "2008.10.03"]
[EventType "swiss"]
[EventRounds "9"]
[EventCountry "RUS"]
[Source "lmi"]
[SourceDate "2008.10.03"]

1. d4 Nf6 2. g3 c5 3. c3 e6 4. Bg2 Nc6 5. Nf3 d5 6. O-O Bd6 7. Bf4 Bxf4 8. gxf4
Qb6 9. Qb3 Ne4 10. e3 Bd7 11. Nbd2 Qxb3 12. Nxb3 c4 13. Nbd2 Nxd2 14. Nxd2 Ke7
15. f5 Rhd8 16. fxe6 Bxe6 17. b3 cxb3 18. axb3 f5 19. f3 h6 20. e4 f4 21. exd5
Rxd5 22. Rfe1 Kf7 23. Re4 g5 24. Bf1 Rdd8 25. Bb5 Bd5 26. Re2 Re8 27. Rxe8 Rxe8
28. c4 Re3 29. cxd5 Nxd4 30. Rxa7 Re1+ 31. Kf2 Rd1 32. Rxb7+ Kf8 33. Nc4 Ra1
34. Ne5 Ra2+ 35. Kg1 g4 36. d6 Ra1+ 37. Bf1 Nc2 38. d7 Rd1 39. Nc6 1-0

[Event "Chigorin Memorial 2008"]
[Site "St. Petersburg RUS"]
[Date "2008.10.08"]
[Round "6.23"]
[White "Konenkin, Dmitry"]
[Black "Mikkelsen, Nikolaj"]
[Result "1/2-1/2"]
[WhiteElo "2296"]
[BlackElo "2441"]
[PlyCount "63"]
[EventDate "2008.10.03"]
[EventType "swiss"]
[EventRounds "9"]
[EventCountry "RUS"]
[Source "lmi"]
[SourceDate "2008.10.03"]

1. f4 g6 2. Nf3 Bg7 3. g3 c5 4. Bg2 Nf6 5. O-O O-O 6. d3 d5 7. Qe1 d4 8. Na3
Nd5 9. Bd2 Nc6 10. c3 Rb8 11. Rd1 b6 12. e4 dxe3 13. Bxe3 Na5 14. Nc4 Nxe3 15.
Qxe3 Nxc4 16. dxc4 Qc7 17. Ne5 Bxe5 18. fxe5 b5 19. Rf4 Bf5 20. Rdf1 bxc4 21.
Rxf5 gxf5 22. Rxf5 Rxb2 23. Be4 Rd8 24. Qg5+ Kh8 25. Qh5 e6 26. Rf6 Kg8 27.
Qxh7+ Kf8 28. Qh8+ Ke7 29. Rxf7+ Kxf7 30. Qh7+ Kf8 31. Qh8+ Kf7 32. Qh7+
1/2-1/2

[Event "Chigorin Memorial 2008"]
[Site "St. Petersburg RUS"]
[Date "2008.10.08"]
[Round "6.24"]
[White "Ponfilenok, Vladimir"]
[Black "Melnikov, Dmitry"]
[Result "1-0"]
[WhiteElo "2440"]
[BlackElo "2280"]
[PlyCount "91"]
[EventDate "2008.10.03"]
[EventType "swiss"]
[EventRounds "9"]
[EventCountry "RUS"]
[Source "lmi"]
[SourceDate "2008.10.03"]

1. d4 f5 2. Bg5 g6 3. Nc3 d5 4. Qd2 Bg7 5. h4 h6 6. Bf4 Nf6 7. Nf3 Nc6 8. Ne5
Nxe5 9. dxe5 Nh5 10. g3 e6 11. O-O-O Bd7 12. Bg2 c6 13. Bf3 Qc7 14. Qe3 Qb6 15.
Qd3 Qxf2 16. Bxh5 gxh5 17. e4 O-O-O 18. exf5 exf5 19. Rhe1 Rhe8 20. Re3 Bf8 21.
Na4 Qg2 22. Qd4 Be6 23. Qxa7 d4 24. Red3 c5 25. Nxc5 Bxc5 26. Qxc5+ Qc6 27.
Qxc6+ bxc6 28. Rxd4 Rxd4 29. Rxd4 Rd8 30. Rd6 Rxd6 31. exd6 Kd7 32. a4 c5 33.
Kd2 Kc6 34. Kc3 Bc8 35. b4 cxb4+ 36. Kxb4 Ba6 37. Kc3 Be2 38. Kd4 Bd1 39. Ke5
Kd7 40. a5 Bxc2 41. a6 Bd3 42. a7 Be4 43. Bxh6 Bg2 44. Bf4 Bc6 45. Kxf5 Bf3 46.
Kg5 1-0

[Event "Chigorin Memorial 2008"]
[Site "St. Petersburg RUS"]
[Date "2008.10.08"]
[Round "6.26"]
[White "Solovjov, Sergey I"]
[Black "Zhukov, Klim"]
[Result "1-0"]
[WhiteElo "2419"]
[BlackElo "2183"]
[PlyCount "53"]
[EventDate "2008.10.03"]
[EventType "swiss"]
[EventRounds "9"]
[EventCountry "RUS"]
[Source "lmi"]
[SourceDate "2008.10.03"]

1. e4 e6 2. d4 d5 3. e5 c5 4. c3 Nc6 5. Nf3 Qb6 6. Bd3 cxd4 7. cxd4 Bd7 8. O-O
Nxd4 9. Nbd2 Bc5 10. Nxd4 Bxd4 11. Nf3 Ne7 12. Rb1 Nc6 13. Bf4 f6 14. b4 Bxe5
15. Nxe5 Nxe5 16. Bxe5 fxe5 17. Qh5+ Kf8 18. Qxe5 Rc8 19. Rbc1 Kf7 20. Qf4+ Ke7
21. Rxc8 Rxc8 22. Bxh7 Rc4 23. Qg5+ Kd6 24. Qg3+ Kc6 25. b5+ Kc5 26. Qa3+ Rb4
27. Rc1+ 1-0

[Event "Chigorin Memorial 2008"]
[Site "St. Petersburg RUS"]
[Date "2008.10.08"]
[Round "6.27"]
[White "Massironi, Marco"]
[Black "Kotenko, Pavel"]
[Result "1/2-1/2"]
[WhiteElo "2169"]
[BlackElo "2402"]
[PlyCount "80"]
[EventDate "2008.10.03"]
[EventType "swiss"]
[EventRounds "9"]
[EventCountry "RUS"]
[Source "lmi"]
[SourceDate "2008.10.03"]

1. e4 e5 2. Nf3 Nc6 3. Bb5 a6 4. Ba4 Nf6 5. O-O Nxe4 6. d4 b5 7. Bb3 d5 8. dxe5
Be6 9. Nbd2 Nc5 10. c3 Be7 11. Bc2 Bg4 12. Re1 O-O 13. Nb3 Ne6 14. Qd3 g6 15.
Nfd4 Ncxd4 16. Nxd4 Nxd4 17. Qxd4 Be6 18. Bh6 c5 19. Qf4 Re8 20. Rad1 Rc8 21.
Re2 Rc7 22. Red2 Rd7 23. g3 f6 24. exf6 Bxf6 25. h4 Rf7 26. Bg5 Bxg5 27. Qxg5
Qxg5 28. hxg5 Bg4 29. Ra1 Bf3 30. Rf1 Re5 31. Bd1 Rxg5 32. Bxf3 Rxf3 33. Kg2
Rf8 34. f4 Rgf5 35. Rfd1 Rd8 36. Kf3 h5 37. b4 cxb4 38. cxb4 g5 39. Rc1 g4+ 40.
Kf2 Rd6 1/2-1/2

[Event "Chigorin Memorial 2008"]
[Site "St. Petersburg RUS"]
[Date "2008.10.08"]
[Round "6.30"]
[White "Alavkin, Arseny"]
[Black "Butuc, Maria"]
[Result "1-0"]
[WhiteElo "2476"]
[BlackElo "2159"]
[PlyCount "71"]
[EventDate "2008.10.03"]
[EventType "swiss"]
[EventRounds "9"]
[EventCountry "RUS"]
[Source "lmi"]
[SourceDate "2008.10.03"]

1. e4 c6 2. c4 d5 3. exd5 cxd5 4. cxd5 Nf6 5. Bb5+ Bd7 6. Bc4 b5 7. Bb3 a5 8.
Nc3 Na6 9. Qf3 Nc5 10. Bc2 b4 11. d4 Na6 12. Nd1 Nc7 13. Ne3 Bb5 14. Ne2 Ncxd5
15. O-O e6 16. Re1 Be7 17. Ng3 O-O 18. Bd2 Rc8 19. Rac1 Re8 20. Ng4 Nxg4 21.
Qxg4 Nf6 22. Qh4 g6 23. Bg5 Bc6 24. Bb3 Kg7 25. Re5 Ng8 26. Bxe7 Nxe7 27. Rec5
Bd7 28. Qf4 Qb6 29. h4 Nf5 30. h5 Rxc5 31. dxc5 Qc6 32. Nxf5+ exf5 33. h6+ Kf8
34. Qd4 f6 35. Bd5 Qa6 36. c6 1-0

[Event "Chigorin Memorial 2008"]
[Site "St. Petersburg RUS"]
[Date "2008.10.08"]
[Round "6.31"]
[White "Vunder, Andrey"]
[Black "Burmakin, Vladimir"]
[Result "1-0"]
[WhiteElo "2261"]
[BlackElo "2625"]
[PlyCount "129"]
[EventDate "2008.10.03"]
[EventType "swiss"]
[EventRounds "9"]
[EventCountry "RUS"]
[Source "lmi"]
[SourceDate "2008.10.03"]

1. d4 d5 2. Nf3 c6 3. c4 e6 4. e3 Nf6 5. Nbd2 Nbd7 6. b3 Bd6 7. Bb2 Qe7 8. Ne5
Ba3 9. Bxa3 Qxa3 10. f4 c5 11. Bd3 cxd4 12. exd4 dxc4 13. Nexc4 Qb4 14. O-O O-O
15. Qf3 Nb6 16. Ne4 Nxe4 17. Qxe4 g6 18. Rac1 Rd8 19. Rfd1 Nd5 20. Qf3 b6 21.
Be4 Bb7 22. Ne5 Qd6 23. Qg3 Rac8 24. Rxc8 Rxc8 25. Qh4 Rc7 26. Ng4 Qe7 27. Qxe7
Rxe7 28. Bxd5 Bxd5 29. Nf6+ Kg7 30. Nxd5 exd5 31. Kf2 Re4 32. Kf3 a5 33. Rd2 h5
34. g3 Kf8 35. Rd3 Ke7 36. Re3 f5 37. Rd3 Kd6 38. a4 Kc6 39. Rc3+ Kb7 40. Rd3
Re1 41. Kg2 Re2+ 42. Kh3 Rb2 43. Kh4 Rxh2+ 44. Kg5 Rh3 45. Re3 Ka6 46. Kxg6 h4
47. Kxf5 Rxg3 48. Re6 Rxb3 49. Rh6 Rb4 50. Ke5 Rxa4 51. f5 Ra1 52. f6 Rf1 53.
Ke6 a4 54. f7 a3 55. Rf6 Re1+ 56. Kxd5 a2 57. f8=Q a1=Q 58. Qa8+ Kb5 59. Qc6+
Kb4 60. Qxb6+ Kc3 61. Rc6+ Kd2 62. Qb4+ Ke2 63. Re6+ Kf1 64. Qf8+ Kg1 65. Rg6+
1-0

[Event "Chigorin Memorial 2008"]
[Site "St. Petersburg RUS"]
[Date "2008.10.08"]
[Round "6.32"]
[White "Zakharchenko, Arnold"]
[Black "Shaposhnikov, Evgeny"]
[Result "0-1"]
[WhiteElo "2288"]
[BlackElo "2558"]
[PlyCount "52"]
[EventDate "2008.10.03"]
[EventType "swiss"]
[EventRounds "9"]
[EventCountry "RUS"]
[Source "lmi"]
[SourceDate "2008.10.03"]

1. d4 Nf6 2. c4 e6 3. Nf3 b6 4. g3 Ba6 5. b3 d5 6. Bg2 dxc4 7. Ne5 Bb4+ 8. Kf1
Bd6 9. Nxc4 Nd5 10. Bf3 O-O 11. Kg2 f5 12. Nxd6 cxd6 13. h4 Bb7 14. Bb2 Nd7 15.
Nd2 N7f6 16. e3 Qe7 17. a3 e5 18. Nc4 Rad8 19. Rf1 e4 20. Be2 h6 21. h5 f4 22.
gxf4 Nxf4+ 23. exf4 Nd5 24. Rh1 e3 25. Rh2 Nc3+ 26. Kf1 Nxd1 0-1

[Event "Chigorin Memorial 2008"]
[Site "St. Petersburg RUS"]
[Date "2008.10.08"]
[Round "6.33"]
[White "Gladyszev, Oleg"]
[Black "Valov, Ilya"]
[Result "1-0"]
[WhiteElo "2448"]
[BlackElo "2269"]
[PlyCount "79"]
[EventDate "2008.10.03"]
[EventType "swiss"]
[EventRounds "9"]
[EventCountry "RUS"]
[Source "lmi"]
[SourceDate "2008.10.03"]

1. d4 Nf6 2. c4 c5 3. d5 b5 4. cxb5 a6 5. bxa6 Bxa6 6. Nc3 g6 7. g3 d6 8. Bg2
Qa5 9. Bd2 Bg7 10. Nf3 Nbd7 11. O-O O-O 12. Rb1 Rab8 13. Qc2 Rfc8 14. Rfc1 Qb4
15. b3 Qa3 16. Qd1 Bb7 17. e4 Qa7 18. Bf4 Ng4 19. Ne1 Nge5 20. Bh3 Rd8 21. Be3
Qa5 22. Bd2 Nf6 23. a4 Bc8 24. Bxc8 Rdxc8 25. Qc2 Qa6 26. Kg2 Ne8 27. Nb5 Nc7
28. Nxc7 Rxc7 29. b4 Qe2 30. bxc5 Rxb1 31. Rxb1 h5 32. c6 Ng4 33. Bf4 Qa6 34.
h3 Nf6 35. Be3 e6 36. Rb6 Qa5 37. Rb8+ Kh7 38. Bb6 Qxe1 39. Bxc7 Nxe4 40. Rb1
1-0

[Event "Chigorin Memorial 2008"]
[Site "St. Petersburg RUS"]
[Date "2008.10.08"]
[Round "6.35"]
[White "Gorbatov, Alexej"]
[Black "Urjubdshzirov, Erdny"]
[Result "0-1"]
[WhiteElo "2421"]
[BlackElo "2299"]
[PlyCount "123"]
[EventDate "2008.10.03"]
[EventType "swiss"]
[EventRounds "9"]
[EventCountry "RUS"]
[Source "lmi"]
[SourceDate "2008.10.03"]

1. Nf3 Nf6 2. c4 e6 3. Nc3 Bb4 4. g3 O-O 5. Bg2 c5 6. O-O Nc6 7. d3 d5 8. cxd5
Nxd5 9. Ne4 Qe7 10. Qc2 Nd4 11. Nxd4 cxd4 12. a3 Ba5 13. Qc4 Bb6 14. a4 a5 15.
Bg5 f6 16. Bd2 Bd7 17. Qb3 Kh8 18. Rfc1 Ra6 19. Be1 Bc6 20. Nd2 Bc5 21. Qc4 Bb6
22. Nb3 Rc8 23. Nxd4 Bd7 24. Qxc8+ Bxc8 25. Rxc8+ Bd8 26. Nxe6 Rxe6 27. Bxd5
Rd6 28. e4 Qd7 29. Ra8 Ra6 30. Rb8 Qd6 31. Rc8 h5 32. Bd2 Kh7 33. Bf4 Qd7 34.
Rac1 Rb6 35. b3 h4 36. gxh4 Qg4+ 37. Bg3 Rc6 38. R1xc6 bxc6 39. Rxd8 cxd5 40.
Rxd5 Qd1+ 41. Kg2 Qxb3 42. Rh5+ Kg6 43. Rxa5 Qxd3 44. h5+ Kh7 45. Ra7 Qd4 46.
Re7 Qxa4 47. e5 Qe4+ 48. Kg1 f5 49. f4 Kh6 50. Rd7 Qa4 51. Rd2 Qc4 52. Kf2 Kxh5
53. h3 g5 54. fxg5 Kxg5 55. Re2 f4 56. Bh2 Qd4+ 57. Kf3 Qd3+ 58. Kf2 Qxh3 59.
Ke1 f3 60. Rf2 Kg4 61. Rd2 Qh6 62. Kd1 0-1

[Event "Chigorin Memorial 2008"]
[Site "St. Petersburg RUS"]
[Date "2008.10.08"]
[Round "6.36"]
[White "Yankovsky, Roman"]
[Black "Serov, Maksim"]
[Result "1-0"]
[WhiteElo "2255"]
[BlackElo "2378"]
[PlyCount "83"]
[EventDate "2008.10.03"]
[EventType "swiss"]
[EventRounds "9"]
[EventCountry "RUS"]
[Source "lmi"]
[SourceDate "2008.10.03"]

1. e4 c5 2. Nf3 e6 3. d4 cxd4 4. Nxd4 Nf6 5. Nc3 d6 6. g3 Nc6 7. Bg2 Bd7 8. O-O
a6 9. Re1 Rc8 10. Nxc6 Bxc6 11. a4 Be7 12. a5 O-O 13. Be3 Nd7 14. Na4 Qc7 15.
c4 f5 16. Nb6 Nxb6 17. Bxb6 Qd7 18. Qe2 f4 19. Bh3 Rf6 20. b4 Rh6 21. Bf1 fxg3
22. hxg3 Qe8 23. b5 Bd7 24. Rab1 Rh5 25. Red1 Bf8 26. bxa6 bxa6 27. c5 d5 28.
exd5 Bxc5 29. Qxa6 exd5 30. Bxc5 Rxc5 31. Qa7 Rc8 32. Rb7 Rd8 33. Bg2 Kh8 34.
Qd4 Qg6 35. Ra1 Bh3 36. Qb6 Qe8 37. Bxh3 Rxh3 38. Rb1 Rh6 39. Qxd8 Qxd8 40. Rb8
Rd6 41. Rxd8+ Rxd8 42. a6 1-0

[Event "Chigorin Memorial 2008"]
[Site "St. Petersburg RUS"]
[Date "2008.10.08"]
[Round "6.39"]
[White "Utkin, Aleksey"]
[Black "Eidelson, Rakhil"]
[Result "1-0"]
[WhiteElo "2359"]
[BlackElo "2220"]
[PlyCount "109"]
[EventDate "2008.10.03"]
[EventType "swiss"]
[EventRounds "9"]
[EventCountry "RUS"]
[Source "lmi"]
[SourceDate "2008.10.03"]

1. d4 Nf6 2. Nf3 g6 3. Nc3 d5 4. Bf4 Bg7 5. e3 O-O 6. Be2 c5 7. Ne5 Be6 8. h4
Qb6 9. a3 Nc6 10. Nxc6 bxc6 11. Na4 Qa5+ 12. c3 c4 13. Nc5 Bc8 14. O-O Nd7 15.
Nxd7 Bxd7 16. b4 Qd8 17. h5 e6 18. e4 dxe4 19. hxg6 hxg6 20. Bxc4 Re8 21. Qd2
a5 22. Rae1 axb4 23. axb4 e5 24. dxe5 Bf5 25. Qxd8 Rexd8 26. Rd1 Be6 27. Bxe6
fxe6 28. Rxd8+ Rxd8 29. Ra1 Rd3 30. Ra8+ Kf7 31. Ra7+ Kg8 32. c4 g5 33. Bxg5
Bxe5 34. g4 Bd4 35. Ra8+ Kf7 36. Rc8 Rb3 37. Rxc6 Rxb4 38. Be3 Bxe3 39. fxe3
Ke7 40. c5 Rb2 41. Kf1 Rc2 42. g5 Kf7 43. Rc8 Kg7 44. c6 Kh7 45. c7 Kg7 46. Ke1
Kh7 47. Kd1 Rc4 48. Ke1 Rc2 49. Kf1 Kg7 50. g6 e5 51. Ke1 Rc6 52. Kf2 Rf6+ 53.
Kg3 Rxg6+ 54. Kh4 Kh7 55. Re8 1-0

[Event "Chigorin Memorial 2008"]
[Site "St. Petersburg RUS"]
[Date "2008.10.08"]
[Round "6.41"]
[White "Merzliakov, Evgeny"]
[Black "Barhudarian, Rafael"]
[Result "1-0"]
[WhiteElo "2210"]
[BlackElo "2327"]
[PlyCount "71"]
[EventDate "2008.10.03"]
[EventType "swiss"]
[EventRounds "9"]
[EventCountry "RUS"]
[Source "lmi"]
[SourceDate "2008.10.03"]

1. d4 d6 2. c4 g6 3. Nc3 Bg7 4. e4 e5 5. d5 f5 6. Bd3 Nf6 7. Nge2 O-O 8. exf5
gxf5 9. f4 Na6 10. O-O e4 11. Bc2 c5 12. Kh1 Kh8 13. h3 Bd7 14. Ng3 Qe8 15. a3
Qg6 16. Qe1 Rg8 17. Kh2 Rae8 18. Nd1 Bh6 19. Ne3 Re7 20. Bd2 Nc7 21. Bc3 Nce8
22. Bd1 Reg7 23. Ngxf5 Bxf5 24. g4 Bd7 25. Qh4 Rf7 26. Be2 Bg7 27. g5 Rff8 28.
f5 Bxf5 29. Nxf5 Nd7 30. Bh5 Qxf5 31. Rxf5 Rxf5 32. Bg6 Rf2+ 33. Kg1 Nf8 34.
Bxh7 Bxc3 35. Bg6+ Kg7 36. Qh6# 1-0

[Event "Chigorin Memorial 2008"]
[Site "St. Petersburg RUS"]
[Date "2008.10.08"]
[Round "6.43"]
[White "Pogosian, Vladimir"]
[Black "Ganichev, Alexander"]
[Result "1-0"]
[WhiteElo "2320"]
[BlackElo "2148"]
[PlyCount "135"]
[EventDate "2008.10.03"]
[EventType "swiss"]
[EventRounds "9"]
[EventCountry "RUS"]
[Source "lmi"]
[SourceDate "2008.10.03"]

1. e4 c5 2. Nc3 e6 3. Bc4 Nc6 4. Nf3 d6 5. O-O Nf6 6. Bb3 Be7 7. d3 O-O 8. Ne2
d5 9. e5 Nd7 10. Bf4 Qc7 11. c3 Re8 12. d4 cxd4 13. cxd4 Bf8 14. Ng3 Na5 15.
Bc2 f5 16. Rc1 Qb8 17. h4 h6 18. h5 Nb6 19. Nh4 Nc6 20. Bb1 Ne7 21. Ne2 Bd7 22.
g4 Qd8 23. gxf5 Nxf5 24. Nxf5 exf5 25. Bg3 Be7 26. Nf4 Bg5 27. Qf3 Bxf4 28.
Qxf4 Rf8 29. b3 Be6 30. a4 a5 31. Rc3 Rc8 32. Rfc1 Rxc3 33. Rxc3 Nd7 34. Bd3
Nb8 35. Bb5 Qe7 36. Bh4 Qf7 37. Be2 Nc6 38. Rg3 Kh7 39. Kf1 Ne7 40. Rc3 Nc6 41.
Ke1 Rc8 42. Qc1 Qe8 43. Qd2 Nb4 44. f4 Bf7 45. Rxc8 Qxc8 46. Be7 Nc6 47. Bc5
Qd8 48. Qe3 b6 49. e6 Qh4+ 50. Kd2 Be8 51. Bxb6 Qh1 52. e7 Qa1 53. Bd3 Nb4 54.
Bxf5+ Kh8 55. Bc2 Qh1 56. Bd1 Qh2+ 57. Be2 Qh1 58. Bxa5 Na2 59. Kc2 Qa1 60. Bc3
Qh1 61. Kb2 Nxc3 62. Kxc3 Qa1+ 63. Kd2 Qa2+ 64. Ke1 Qb1+ 65. Kf2 Qh1 66. Bb5
Qh4+ 67. Ke2 Qxh5+ 68. Kd2 1-0

[Event "Chigorin Memorial 2008"]
[Site "St. Petersburg RUS"]
[Date "2008.10.08"]
[Round "6.44"]
[White "Vrublevskaya, Olga"]
[Black "Orlov, Oleg"]
[Result "1/2-1/2"]
[WhiteElo "2106"]
[BlackElo "2333"]
[PlyCount "80"]
[EventDate "2008.10.03"]
[EventType "swiss"]
[EventRounds "9"]
[EventCountry "RUS"]
[Source "lmi"]
[SourceDate "2008.10.03"]

1. d4 d5 2. c4 c6 3. Nf3 Nf6 4. e3 a6 5. Nbd2 b5 6. b3 Bg4 7. Be2 Nbd7 8. O-O
e6 9. h3 Bh5 10. Bb2 Be7 11. Ne5 Bxe2 12. Qxe2 Qb6 13. cxb5 cxb5 14. Rfc1 O-O
15. Nxd7 Nxd7 16. Nf3 f5 17. Qc2 Qb7 18. Qc7 Rfb8 19. Rc6 Kf7 20. Rac1 Qxc7 21.
Rxc7 Ke8 22. R1c6 Kd8 23. Rc2 Rc8 24. R7c6 Rab8 25. Kf1 Rxc6 26. Rxc6 Rb6 27.
Rc2 h6 28. Ke2 Bd6 29. Bc3 b4 30. Bd2 Nb8 31. Kd3 Nc6 32. Rc1 Kd7 33. Rg1 g5
34. g4 Be7 35. Ne1 Rb5 36. Kc2 Rb8 37. Kd3 Bf6 38. Nf3 Be7 39. Ne1 Bf6 40. Nf3
Be7 1/2-1/2